INDIA'S DEVELOPMENT PARTNERSHIP / (Record no. 204490)

MARC details
000 -LEADER
fixed length control field 00679nam a22002177a 4500
003 - CONTROL NUMBER IDENTIFIER
control field dpl
005 - DATE AND TIME OF LATEST TRANSACTION
control field 20240816151432.0
008 - FIXED-LENGTH DATA ELEMENTS--GENERAL INFORMATION
fixed length control field 240305b |||||||| |||| 00| 0 eng d
010 ## - LIBRARY OF CONGRESS CONTROL NUMBER
LC control number ENG-141027
020 ## - INTERNATIONAL STANDARD BOOK NUMBER
Terms of availability 1580.00
International Standard Book Number 978939491567-1
035 ## - SYSTEM CONTROL NUMBER
System control number EN-124559
037 ## - SOURCE OF ACQUISITION
Source of stock number/acquisition DBAD
040 ## - CATALOGING SOURCE
Transcribing agency .
082 ## - DEWEY DECIMAL CLASSIFICATION NUMBER
Classification number 327.54
100 ## - MAIN ENTRY--PERSONAL NAME
Personal name Mahawar Kapoor Nutan And Bhattacharjee Dhrupajyoti
9 (RLIN) 62808
245 ## - TITLE STATEMENT
Title INDIA'S DEVELOPMENT PARTNERSHIP /
Remainder of title EXPANDING VISTAS
260 ## - PUBLICATION, DISTRIBUTION, ETC. (IMPRINT)
Place of publication, distribution, etc New Delhi
Name of publisher, distributor, etc KW Publishers
Date of publication, distribution, etc 2023
270 ## - ADDRESS
Address 4676/ 21 First Floor Ansari Road Daryaganj
City New Delhi
Postal code 110002
300 ## - PHYSICAL DESCRIPTION
Extent 367Pages
Dimensions 24cm,(hb)
942 ## - ADDED ENTRY ELEMENTS (KOHA)
Source of classification or shelving scheme Dewey Decimal Classification
Koha item type English Books
Classification part 327.54
Call number suffix MHA
Holdings
Withdrawn status Lost status Source of classification or shelving scheme Damaged status Not for loan Collection code Home library Current library Date acquired Cost, normal purchase price Total Checkouts Full call number Barcode Date last seen Copy number Cost, replacement price Price effective from Koha item type
    Dewey Decimal Classification     Non-fiction Patel Nagar Patel Nagar 26/07/2024 1580.00   327.54 MHA EN-124559 26/07/2024 1 1580.00 26/07/2024 English Books

© Delhi Public Library
Hit Counter
free hit counter